000 00219nam a2200097Ia 4500
005 20251222114414.0
008 251222s1900||||xx |||||||||||||| ||spa||
082 _aDVD0120/W42
245 4 _aThe war symphonies:
942 _cDVD
999 _c2156
_d2156